| 000 | 00590nam a2200193Ia 4500 | ||
|---|---|---|---|
| 999 |
_c8086 _d8086 |
||
| 003 | OSt | ||
| 005 | 20191227142914.0 | ||
| 008 | 190216s9999||||xx |||||||||||||| ||und|| | ||
| 020 | _a9788184842173 | ||
| 040 | _coclc | ||
| 082 |
_a001.42 _bKAP/R |
||
| 100 | 1 |
_aKapoor, D. R. _9851 |
|
| 245 | 0 |
_aResearch Methodology : _bMethods & Techniques / _cDr. D R Kapoor. Ms Puja Saigal |
|
| 260 |
_bRegal Publications, _c2014. _aNew Delhi: |
||
| 300 | _a518p | ||
| 650 | _aResearch Methodology | ||
| 700 |
_9853 _aSaigal, Puja |
||
| 942 |
_cBK _2ddc _h001.42 _iKAP/R _k001.42 _mKAP/R |
||